Les plus gros transferts du football - Footballeurs italiens - Statistiques

Statistiques générales
  • Ce quiz a été pris 151 fois
  • Le résultat moyen est 6 sur 10
Statistiques - réponses
Montant de transfert (M €) Saison Venant de Allant à Joueur % Correct
64,00 2023-2024 AC Milan Newcastle United Sandro Tonali
94%
45,00 2023-2024 Paris SG Al-Arabi SC Marco Verratti
92%
52,88 2001-2002 AC Parma Juventus Turin Gianluigi Buffon
79%
75,00 2018-2019 Napoli Chelsea Jorginho Jorginho
77%
44,60 2022-2023 Fiorentina Juventus Turin Federico Chiesa
73%
42,00 2017-2018 Juventus Turin AC Milan Leonardo Bonucci
67%
36,40 2023-2024 Sassuolo Juventus Turin Manuel Locatelli
48%
46,48 1999-2000 Lazio Rome Inter Christian Vieri
27%
40,00 2017-2018 Fiorentina Juventus Turin Federico Bernardeschi
16%
37,74 2018-2019 Juventus Turin AC Milan Mattia Caldara
4%
Aucun quiz correspondant
Distribution des résultats
% des personnes avec chaque résultat
Percentile par nombre de réponses
Votre historique - résultats
Vous n’avez pas pris ce quiz